00840nam a22002417a 450000500170000001000130001702000230003003500130005303700170006604000130008308200130009610000250010924501000013426000370023427000570027130000210032865000240034965000260037370000290039994200220042899900190045095201290046920170124110245.0 aB-164392 a8183600115c250.00 aB-164392 bCen Lib/Ret  aDPL bEN a630bSAS aSasikumar, K.997052 aAgriculture made easy :bfor competitive examinations /cby K. Sasikumar [and] V. Saravanakumar aNew Delhi bJain Brothers c2005 a16/873,east park road Karol baghbNew Delhi e110005 a420p.c23cm(pbk) aAgriculture 915548 aPlant breeding921140 aSaravanakumar, V.997053 2ddccENh630mSAS c135438d135438 001040718REFaLbLd2015-10-06eCen Lib/Retg250.00l0o630 SASpB-164392r2015-10-06 00:00:00t1v250.00w2016-09-15yEN